000 00382nam a2200133Ia 4500
008 230917s9999||||xx |||||||||||||| ||und||
040 _e91659
_aMAIN
041 _aEnglish
082 _a379.1214 R146F
100 _aRam Niwas
245 0 _aFinancial system: In Indian universities with special reference to Maharshi Dayanand University, Rohtak
300 _aiv, 83 p.
942 _cTH
999 _c78918
_d78918